Good Boatman: A Portrait Of Gandhi (Record no. 41119)

MARC details
000 -LEADER
fixed length control field 00321nam a2200121Ia 4500
008 - FIXED-LENGTH DATA ELEMENTS--GENERAL INFORMATION
fixed length control field 240719s9999 xx 000 0 und d
041 ## - LANGUAGE CODE
Language code of text/sound track or separate title eng
082 ## - DEWEY DECIMAL CLASSIFICATION NUMBER
Classification number 954.035 GAN
100 ## - MAIN ENTRY--PERSONAL NAME
Personal name Gandhi, Rajmohan
245 ## - TITLE STATEMENT
Title Good Boatman: A Portrait Of Gandhi
260 ## - PUBLICATION, DISTRIBUTION, ETC.
Place of publication, distribution, etc. Delhi
Name of publisher, distributor, etc. Penguin Books India
Date of publication, distribution, etc. 1997
300 ## - PHYSICAL DESCRIPTION
Extent 494;. P. 19 Cm
Holdings
Withdrawn status Lost status Damaged status Not for loan Home library Current library Shelving location Date acquired Total Checkouts Full call number Barcode Date last seen Date last checked out Price effective from Koha item type
        IMTN IMTN Rack 41-B 01/18/2022 1 954.035 GAN 32814 07/19/2024 07/19/2024 07/19/2024 Books
Designed & Maintained by: LRC IMT Nagpur Contact: lrc@imtnag.ac.in© 2024. All Rights Reserved.